00301nam a22001217a 4500020001800000040000900018082001800027100002500045245002300070260004300093300000900136650003400145 a9789693520873 cNUST a891.4393bQAS aQasmi, Ahmad Nadeem  a Ghar Say Ghar Tak aLAHOREbSang-E-Meel Publicationsc2015 b160P 2Urdu Literature-Short Stories